| 000 | 00423pab a2200145 454500 | ||
|---|---|---|---|
| 008 | 180718b1999 xxu||||| |||| 00| 0 eng d | ||
| 100 | _aCarras, Mary C. | ||
| 245 | _aSeed - the mother of all life: Indian agricultural interests at the WTOs Ministerial Conference in Seattle, Washington | ||
| 260 | _c1999 | ||
| 300 | _ap.62-76 | ||
| 362 | _aOct-Dec | ||
| 650 | _aAgriculture | ||
| 773 | _aWorld Affairs | ||
| 909 | _a43883 | ||
| 999 |
_c43883 _d43883 |
||